[Event "Rubinstein Memorial op-A 57th"]
[Site "Polanica Zdroj"]
[Date "2021.08.20"]
[Round "7"]
[White "Stachecki, Mikolaj"]
[Black "Bugalski, Michal"]
[Result "1/2-1/2"]
[WhiteElo "1841"]
[BlackElo "2225"]
[PlyCount "89"]
[EventDate "2021.08.14"]
[EventType "swiss"]
[EventRounds "9"]
[EventCountry "POL"]
[SourceTitle "CBM 203 Extra"]
[Source "ChessBase"]
[SourceDate "2021.09.30"]
[SourceVersion "1"]
[SourceVersionDate "2021.09.30"]
[SourceQuality "1"]

1. e4 e6 2. d4 d5 3. Nd2 Nc6 4. c3 e5 5. dxe5 Nxe5 6. Ngf3 Bg4 7. Be2 Ng6 8. exd5 Qxd5 9. Qb3 0-0-0 10. Qxd5 Rxd5 11. h3 Bf5 12. Nb3 Kb8 13. Be3 Bc8 14. 0-0 Nf6 15. Rfe1 Rd7 16. Rad1 b6 17. Bb5 Rxd1 18. Rxd1 Bd6 19. Nbd4 a6 20. Bc4 Rf8 21. Bb3 Bd7 22. Ng5 Nh8 23. Bc2 h6 24. Ne4 Nxe4 25. Bxe4 f5 26. Bf3 f4 27. Bd2 Ng6 28. Re1 Ne5 29. Be4 g5 30. Nf3 Nf7 31. Bd5 c6 32. Be6 Kc7 33. c4 Nd8 34. Bxd7 Kxd7 35. Bc3 Nf7 36. Bf6 Rg8 37. Ne5+ Nxe5 38. Bxe5 Re8 39. Bc3 Rxe1+ 40. Bxe1 Ke6 41. Kf1 h5 42. Ke2 g4 43. hxg4 hxg4 44. Kd3 Kf5 45. f3 1/2-1/2

[Event "Krakow op-A 30th"]
[Site "Krakow"]
[Date "2019.12.29"]
[Round "3"]
[White "Den Boer, Lennard"]
[Black "Bugalski, Michal"]
[Result "0-1"]
[WhiteElo "2132"]
[BlackElo "2241"]
[PlyCount "128"]
[EventDate "2019.12.27"]
[EventType "swiss"]
[EventRounds "9"]
[EventCountry "POL"]
[SourceTitle "CBM 195 Extra"]
[Source "ChessBase"]
[SourceDate "2020.05.31"]
[SourceVersion "1"]
[SourceVersionDate "2020.05.31"]
[SourceQuality "1"]

1. e4 e6 2. d4 d5 3. e5 c5 4. c3 Nc6 5. Nf3 Qb6 6. a3 c4 7. Nbd2 Na5 8. g3 Bd7 9. h4 Ne7 10. Bh3 f6 11. Kf1 0-0-0 12. Kg2 Nec6 13. Re1 Re8 14. Qe2 Kb8 15. h5 Bc8 16. Rb1 Ka8 17. Qe3 Qc7 18. Qe2 h6 19. Nh4 fxe5 20. Ng6 Rg8 21. dxe5 Bc5 22. Nf3 d4 23. cxd4 Nxd4 24. Nxd4 Bxd4 25. Bd2 Nb3 26. Bb4 Bd7 27. Bg4 Bb6 28. Bf3 Nd4 29. Qd2 Bc6 30. Be4 Rd8 31. Bd6 Qf7 32. Qf4 Qxf4 33. Nxf4 Rge8 34. Rbc1 Ba5 35. Bxc6 Nxc6 36. Re4 b5 37. b3 Bd2 38. Rc2 Bxf4 39. Rxf4 Na5 40. Bc7 cxb3 41. Rb2 Nc4 42. Rxb3 Rd7 43. Bd6 a6 44. Rd4 Red8 45. Rbd3 Kb7 46. f4 Nxd6 47. exd6 Kc6 48. Rc3+ Kb6 49. Re3 Rxd6 50. Rde4 a5 51. Rxe6 b4 52. axb4 axb4 53. R6e5 Rd5 54. Kf3 Kc5 55. Ke4 Kc4 56. Re7 R8d7 57. Re8 Rxh5 58. f5 Rd4+ 59. Ke5 Rd5+ 60. Ke6 Rhxf5 61. Re4+ Kc3 62. g4 Rg5 63. Kf7 b3 64. Rc8+ Rc5 0-1

[Event "Krakow op-A 30th"]
[Site "Krakow"]
[Date "2019.12.28"]
[Round "2"]
[White "Bugalski, Michal"]
[Black "Lewtak, Damian"]
[Result "0-1"]
[WhiteElo "2241"]
[BlackElo "2379"]
[PlyCount "86"]
[EventDate "2019.12.27"]
[EventType "swiss"]
[EventRounds "9"]
[EventCountry "POL"]
[SourceTitle "CBM 194 Extra"]
[Source "ChessBase"]
[SourceDate "2020.03.31"]
[SourceVersion "1"]
[SourceVersionDate "2020.03.31"]
[SourceQuality "1"]

1. f4 g6 2. Nf3 Bg7 3. g3 d5 4. Bg2 Nh6 5. 0-0 Nf5 6. Nc3 c6 7. Qe1 Nd6 8. d3 d4 9. Nd1 0-0 10. e4 dxe3 11. Nxe3 Nd7 12. d4 c5 13. c3 cxd4 14. Nxd4 e5 15. fxe5 Nxe5 16. Qd1 Ndc4 17. Nd5 Nc6 18. Nb5 N4e5 19. Be3 Bg4 20. Qe1 b6 21. h3 Bf5 22. Nf4 Bd7 23. Rd1 Rb8 24. Nd6 Qe7 25. Ne4 Be6 26. Nxe6 Qxe6 27. Rd6 Qxa2 28. Nf6+ Bxf6 29. Rfxf6 Na5 30. Bd4 Rbe8 31. Bxe5 Nc4 32. Rd5 Re7 33. Rf4 f6 34. Rb5 Nxe5 35. Qf1 Kg7 36. Bd5 Qa6 37. Bg2 Rd8 38. Kh2 Nd3 39. Rd5 Rxd5 40. Bxd5 Re1 41. Bc4 Rxf1 42. Bxa6 Rxf4 43. gxf4 Nxb2 0-1

[Event "Suwalki Warakomska Memorial-A op"]
[Site "Suwalki"]
[Date "2018.08.03"]
[Round "3"]
[White "Lisowski, Krzysztof"]
[Black "Bugalski, Michal"]
[Result "0-1"]
[WhiteElo "2072"]
[BlackElo "2263"]
[PlyCount "60"]
[EventDate "2018.08.01"]
[EventType "swiss"]
[EventRounds "9"]
[EventCountry "POL"]
[SourceTitle "CBM 185 Extra"]
[Source "ChessBase"]
[SourceDate "2018.07.29"]
[SourceVersion "1"]
[SourceVersionDate "2018.07.29"]
[SourceQuality "1"]

1. e4 e6 2. d4 d5 3. Nd2 Nf6 4. e5 Nfd7 5. Bd3 c5 6. c3 Nc6 7. Ne2 cxd4 8. cxd4 f6 9. exf6 Nxf6 10. 0-0 Bd6 11. Nf3 Qc7 12. Bg5 0-0 13. Rc1 Ng4 14. Ng3 g6 15. a3 Qb6 16. Be2 Qxb2 17. Rb1 Qxa3 18. Bd2 Bf4 19. Ng5 Qe7 20. h4 Nxf2 21. Rxf2 Bxg3 22. Rxf8+ Qxf8 23. Be3 Bxh4 24. Qd2 Qg7 25. Nf3 Bf6 26. Bh6 Bxd4+ 27. Kh1 Qe7 28. Rf1 Bd7 29. Ng5 Bf6 30. Bg4 Nd4 0-1

[Event "EU-ch rapid"]
[Site "Katowice"]
[Date "2017.12.16"]
[Round "3"]
[White "Bugalski, Michal"]
[Black "Krzyzanowski, Marcin"]
[Result "1-0"]
[WhiteElo "2263"]
[BlackElo "2457"]
[PlyCount "83"]
[EventDate "2017.12.16"]
[EventType "swiss (rapid)"]
[EventRounds "11"]
[EventCountry "POL"]
[SourceTitle "CBM 182 Extra"]
[Source "ChessBase"]
[SourceDate "2018.02.23"]
[SourceVersion "1"]
[SourceVersionDate "2018.02.23"]
[SourceQuality "1"]

1. e4 c5 2. c3 g6 3. d4 cxd4 4. cxd4 Bg7 5. Nc3 d6 6. h3 Nf6 7. Nf3 0-0 8. Be3 Nc6 9. Be2 e5 10. 0-0 exd4 11. Nxd4 Re8 12. Nxc6 bxc6 13. Qd2 Be6 14. Rfd1 d5 15. exd5 Nxd5 16. Nxd5 Bxd5 17. Rac1 Qe7 18. b3 Rad8 19. Qa5 Qh4 20. Bc4 Qe4 21. Bxd5 cxd5 22. Bg5 f6 23. Re1 Qf5 24. Rxe8+ Rxe8 25. Be3 g5 26. Rd1 Re5 27. Qxa7 g4 28. hxg4 Qxg4 29. Rxd5 Rxd5 30. Qa8+ Kf7 31. Qxd5+ Kg6 32. Qd3+ f5 33. Qd6+ Bf6 34. Qg3 Qxg3 35. fxg3 Kh5 36. a4 Bc3 37. Bb6 Kg4 38. a5 Be5 39. a6 Bb8 40. a7 Bxa7 41. Bxa7 Kxg3 42. b4 1-0

[Event "Suwalki Warakomska Memorial 1st"]
[Site "Suwalki"]
[Date "2017.08.12"]
[Round "2"]
[White "Bukojemski, Adam"]
[Black "Bugalski, Michal"]
[Result "1-0"]
[WhiteElo "2183"]
[BlackElo "2250"]
[PlyCount "81"]
[EventDate "2017.08.11"]
[EventType "swiss"]
[EventRounds "9"]
[EventCountry "POL"]
[SourceTitle "CBM 180 Extra"]
[Source "ChessBase"]
[SourceDate "2017.10.06"]
[SourceVersion "1"]
[SourceVersionDate "2017.10.06"]
[SourceQuality "1"]

1. e4 e6 2. d4 d5 3. Nc3 Nf6 4. e5 Nfd7 5. f4 c5 6. Nf3 Nc6 7. Be3 a6 8. Qd2 b5 9. a3 Bb7 10. Bd3 Qb6 11. Qf2 cxd4 12. Nxd4 Nxd4 13. Bxd4 Bc5 14. Ne2 0-0 15. Qh4 g6 16. c3 f6 17. Qg4 Rf7 18. h4 Bxd4 19. cxd4 b4 20. h5 f5 21. Qh3 Nf8 22. hxg6 Nxg6 23. Qe3 Rg7 24. Ng3 bxa3 25. bxa3 Qb2 26. Rb1 Qxg2 27. Bf1 Qa2 28. Bd3 Rc8 29. Nh5 Rc3 30. Nxg7 Qxb1+ 31. Bxb1 Rxe3+ 32. Kf2 Rxa3 33. Nxe6 Bc8 34. Bxf5 Ra2+ 35. Ke3 Ra3+ 36. Kf2 Ra2+ 37. Kf3 Ra3+ 38. Kg4 Ra4 39. Kg5 Bd7 40. Nc5 Rxd4 41. Bxg6 1-0

[Event "Suwalki Warakomska Memorial 1st"]
[Site "Suwalki"]
[Date "2017.08.11"]
[Round "1"]
[White "Bugalski, Michal"]
[Black "Tomczak, Jacek"]
[Result "0-1"]
[WhiteElo "2250"]
[BlackElo "2598"]
[PlyCount "70"]
[EventDate "2017.08.11"]
[EventType "swiss"]
[EventRounds "9"]
[EventCountry "POL"]
[SourceTitle "CBM 180 Extra"]
[Source "ChessBase"]
[SourceDate "2017.10.06"]
[SourceVersion "1"]
[SourceVersionDate "2017.10.06"]
[SourceQuality "1"]

1. e4 c6 2. Nf3 d5 3. Nc3 Bg4 4. h3 Bxf3 5. Qxf3 e6 6. d4 a6 7. Be3 Bb4 8. a3 Bxc3+ 9. bxc3 Nf6 10. exd5 cxd5 11. c4 Nc6 12. cxd5 Nxd5 13. Bd3 Nxe3 14. fxe3 Qa5+ 15. Kf2 0-0 16. Rhd1 f5 17. Kg1 Kh8 18. Rf1 Rf6 19. Rab1 Qc7 20. c3 e5 21. Qg3 Raf8 22. Kh1 Qe7 23. a4 h6 24. Bc2 g5 25. Rf2 e4 26. Rbf1 f4 27. Qg4 Na5 28. g3 Nc4 29. exf4 Ne3 30. Qe2 Nxf1 31. Rxf1 gxf4 32. Bxe4 Re8 33. Re1 Re6 34. Qh5 Qg5 35. Qf7 R6e7 0-1

[Event "Suwalki Warakomska Memorial 1st"]
[Site "Suwalki"]
[Date "2017.??.??"]
[Round "5"]
[White "Bugalski, Michal"]
[Black "Sliwicki, Damian"]
[Result "1/2-1/2"]
[WhiteElo "2250"]
[BlackElo "2136"]
[PlyCount "244"]
[EventDate "2017.08.11"]
[EventType "swiss"]
[EventRounds "9"]
[EventCountry "POL"]
[SourceTitle "CBM 180 Extra"]
[Source "ChessBase"]
[SourceDate "2017.10.06"]
[SourceVersion "1"]
[SourceVersionDate "2017.10.06"]
[SourceQuality "1"]

1. e4 c5 2. c3 d5 3. exd5 Qxd5 4. d4 cxd4 5. cxd4 Nc6 6. Nf3 e5 7. Nc3 Bb4 8. Bd2 Bxc3 9. Bxc3 e4 10. Ne5 Nxe5 11. dxe5 Ne7 12. Be2 0-0 13. 0-0 Bf5 14. Qa4 Qe6 15. Bc4 Qg6 16. Rfd1 Bg4 17. Rd6 Qg5 18. Bf1 Nf5 19. Qxe4 Nxd6 20. exd6 Qg6 21. Qxb7 Qxd6 22. Bb4 Qb8 23. Qe4 Bf5 24. Qh4 Re8 25. Bc3 Qd6 26. Qg5 Qg6 27. Qf4 Bd3 28. h3 Bxf1 29. Rxf1 Rad8 30. a3 a6 31. Rc1 h6 32. Qc4 Rd3 33. Kh1 Red8 34. Qa4 Qd6 35. Qc4 Rd5 36. Re1 Rg5 37. Bb4 Qd5 38. Qxd5 Rgxd5 39. Re7 Rf5 40. Re2 f6 41. Bc3 Kf7 42. Kg1 Rfd5 43. Re4 Re8 44. Ra4 Rd6 45. g3 Re2 46. Kg2 Rde6 47. Ra5 Ke8 48. Rd5 Rc2 49. Ra5 Kd7 50. Rd5+ Kc6 51. Ra5 Ree2 52. Rf5 Kb7 53. Kf1 Kc6 54. Bd4 Red2 55. Bc3 Rd5 56. Rf4 Kd6 57. Rc4 Kd7 58. Rf4 Ke6 59. Re4+ Kf7 60. Kg2 Rf5 61. Bd4 Rc4 62. b3 Rc2 63. Ba7 Rb5 64. b4 Re5 65. Rd4 Ra2 66. Rd3 Re1 67. Bc5 Rea1 68. b5 axb5 69. Rb3 Rc2 70. Rxb5 Raa2 71. Kg1 Kg6 72. Kg2 Re2 73. Rb3 Re5 74. Rc3 Kf7 75. Bb4 Rf5 76. Bc5 Ke6 77. Bb6 Kd6 78. Bc7+ Kd7 79. Bb6 Rb5 80. Bc5 Rbb2 81. Rf3 Rd2 82. Bf8 g5 83. Rxf6 h5 84. Rf5 Ke6 85. Rf3 Rd5 86. Bb4 Rf5 87. Rxf5 Kxf5 88. Kf3 Ra1 89. g4+ Kg6 90. Kg2 Rd1 91. Bc5 Rd5 92. Be7 Rd3 93. Bc5 hxg4 94. hxg4 Kf6 95. Kh2 Rd5 96. Be3 Ra5 97. Bc1 Kg6 98. Kg2 Rc5 99. Bd2 Rc4 100. Kg3 Kf6 101. Bb4 Rc2 102. Bd6 Rd2 103. Bc5 Rd3+ 104. Kg2 Rd5 105. Be3 Kg6 106. Bb6 Re5 107. Be3 Ra5 108. Bc1 Rc5 109. Bd2 Kf7 110. Be3 Re5 111. Kg3 Ke6 112. a4 Ra5 113. Bd2 Rd5 114. Be3 Kf6 115. Bb6 Ke5 116. a5 Rd3+ 117. Be3 Ra3 118. a6 Rxa6 119. Bxg5 Ke4 120. Be3 Ra1 121. Kg2 Rd1 122. Bg5 Kd3 1/2-1/2

[Event "Suwalki Warakomska Memorial 1st"]
[Site "Suwalki"]
[Date "2017.??.??"]
[Round "7"]
[White "Bugalski, Michal"]
[Black "Zawadzka, Jolanta"]
[Result "1/2-1/2"]
[WhiteElo "2250"]
[BlackElo "2420"]
[PlyCount "119"]
[EventDate "2017.08.11"]
[EventType "swiss"]
[EventRounds "9"]
[EventCountry "POL"]
[SourceTitle "CBM 180 Extra"]
[Source "ChessBase"]
[SourceDate "2017.10.06"]
[SourceVersion "1"]
[SourceVersionDate "2017.10.06"]
[SourceQuality "1"]

1. e4 c5 2. c3 Nf6 3. e5 Nd5 4. d4 cxd4 5. Nf3 Nc6 6. cxd4 d6 7. Bc4 dxe5 8. dxe5 Ndb4 9. Qb3 e6 10. 0-0 Na5 11. Bb5+ Bd7 12. Qa4 Bxb5 13. Qxb5+ Nac6 14. Nc3 a6 15. Qc4 Qd3 16. Qg4 Qg6 17. Qxg6 hxg6 18. Rd1 Ne7 19. Bg5 Ned5 20. a3 Nxc3 21. bxc3 Nc6 22. a4 Be7 23. Rab1 Bxg5 24. Nxg5 Rb8 25. f4 Ke7 26. Ne4 Rhc8 27. Rb6 Na5 28. Rdb1 Rc4 29. R6b4 Rc7 30. Rb6 Rd8 31. Nd6 Rdd7 32. h3 f6 33. h4 fxe5 34. fxe5 Nc6 35. Rxb7 Nxe5 36. Rxc7 Rxc7 37. Ne4 Rc4 38. Rb7+ Nd7 39. Rb4 Rc7 40. Kf2 Nf6 41. Nxf6 gxf6 42. Rb6 Rxc3 43. Rxa6 f5 44. g3 Kf6 45. Ra5 Ra3 46. Kg2 e5 47. Ra6+ Kg7 48. a5 Kh6 49. Ra8 Kh5 50. Kh3 g5 51. Rh8+ Kg6 52. Rg8+ Kf7 53. Rxg5 Kf6 54. Rg8 Rxa5 55. h5 e4 56. h6 Ra7 57. g4 fxg4+ 58. Kxg4 e3 59. Re8 Kg6 60. Rxe3 1/2-1/2

[Event "Kochan Memorial op 27th"]
[Site "Koszalin"]
[Date "2016.08.11"]
[Round "4"]
[White "Shishkin, Vadim"]
[Black "Bugalski, Michal"]
[Result "1-0"]
[WhiteElo "2469"]
[BlackElo "2196"]
[PlyCount "73"]
[EventDate "2016.08.08"]
[EventType "swiss"]
[EventRounds "9"]
[EventCountry "POL"]
[SourceTitle "CBM 173 Extra"]
[Source "ChessBase"]
[SourceDate "2016.08.29"]
[SourceVersion "1"]
[SourceVersionDate "2016.08.29"]
[SourceQuality "1"]

1. d4 e6 2. c4 Nf6 3. Nc3 Nc6 4. Nf3 Bb4 5. Qc2 d6 6. Bd2 0-0 7. a3 Bxc3 8. Bxc3 Qe7 9. e3 a5 10. Bd3 e5 11. d5 Nb8 12. 0-0 Nbd7 13. Nd2 Re8 14. Rae1 a4 15. Qb1 c6 16. dxc6 bxc6 17. f4 e4 18. Bc2 d5 19. Qd1 Nc5 20. Bb4 Qa7 21. f5 Ncd7 22. Nb1 dxc4 23. Bc3 Ne5 24. Nd2 Neg4 25. Qe2 Ba6 26. Rf4 Ne5 27. Bxe4 Nd5 28. Bxd5 cxd5 29. f6 Nd3 30. Qg4 g6 31. Bd4 Qb8 32. Ref1 Nxf4 33. Rxf4 Qd6 34. Qg5 c3 35. Bxc3 Rxe3 36. h3 Rxc3 37. bxc3 1-0

[Event "Kochan Memorial op 27th"]
[Site "Koszalin"]
[Date "2016.08.10"]
[Round "3"]
[White "Bugalski, Michal"]
[Black "Bilczewski, Kacper"]
[Result "1/2-1/2"]
[WhiteElo "2196"]
[BlackElo "2080"]
[PlyCount "73"]
[EventDate "2016.08.08"]
[EventType "swiss"]
[EventRounds "9"]
[EventCountry "POL"]
[SourceTitle "CBM 173 Extra"]
[Source "ChessBase"]
[SourceDate "2016.08.29"]
[SourceVersion "1"]
[SourceVersionDate "2016.08.29"]
[SourceQuality "1"]

1. e4 d6 2. d4 Nf6 3. Nc3 e5 4. dxe5 dxe5 5. Qxd8+ Kxd8 6. Bc4 Be6 7. Bxe6 fxe6 8. Be3 Bd6 9. f3 Ke7 10. Nh3 a6 11. Nf2 Nc6 12. 0-0-0 h6 13. Nd3 b5 14. Kb1 Rhb8 15. Rhe1 Nd7 16. f4 exf4 17. Nxf4 Nde5 18. Nce2 g5 19. Nd3 Ng4 20. Bc1 Bxh2 21. g3 Rf8 22. b3 b4 23. a3 a5 24. axb4 axb4 25. Bd2 Rab8 26. Rf1 Rxf1 27. Rxf1 Rf8 28. Rxf8 Kxf8 29. Nxb4 Nxb4 30. Bxb4+ Kf7 31. Ba5 c6 32. c4 h5 33. Be1 Kf6 34. Kc2 Ne5 35. Bf2 Ng4 36. Be1 Ne5 37. Bf2 1/2-1/2

[Event "POL-chT 2nd League"]
[Site "Jastrzebia Gora"]
[Date "2015.09.07"]
[Round "3.51"]
[White "Lizak, Jakub"]
[Black "Bugalski, Michal"]
[Result "1/2-1/2"]
[WhiteElo "2113"]
[BlackElo "2162"]
[PlyCount "105"]
[EventDate "2015.09.05"]
[EventType "team-swiss"]
[EventRounds "9"]
[EventCountry "POL"]
[SourceTitle "EXT 2017"]
[Source "ChessBase"]
[SourceDate "2016.10.25"]
[SourceVersion "1"]
[SourceVersionDate "2016.10.25"]
[SourceQuality "1"]
[WhiteTeam "Gliwice Politechnika Slaska"]
[BlackTeam "Kolbudy UKS Zawisza"]
[WhiteTeamCountry "POL"]
[BlackTeamCountry "POL"]

1. e4 e6 2. d4 d5 3. Nc3 Bb4 4. e5 c5 5. a3 Bxc3+ 6. bxc3 Ne7 7. Qg4 0-0 8. Bd3 f5 9. exf6 Rxf6 10. Bg5 Rf7 11. Qh5 g6 12. Qd1 Nbc6 13. Nf3 Qc7 14. 0-0 c4 15. Be2 Nf5 16. Qd2 Nd6 17. Bf4 Qe7 18. g3 Bd7 19. Ng5 Rg7 20. Bxd6 Qxd6 21. f4 h6 22. Nf3 Rf8 23. Rf2 Qe7 24. h4 Nd8 25. Ne5 b6 26. Bg4 Nb7 27. Re2 Bc8 28. Qe3 Qc7 29. Nf3 Rf6 30. Rae1 Qe7 31. Qe5 Nd6 32. a4 Ne4 33. Rxe4 dxe4 34. Nd2 Rf8 35. Nxc4 Bb7 36. Qxe6+ Kh7 37. Ne5 Bc8 38. Qxe7 Rxe7 39. Be2 Rc7 40. c4 Kg7 41. Kf2 g5 42. Ke3 gxf4+ 43. gxf4 Kf6 44. d5 Rg7 45. a5 Kf5 46. axb6 axb6 47. Rb1 Rf6 48. Nc6 Rg3+ 49. Kd4 Kxf4 50. Ne5 Bh3 51. Re1 Re3 52. h5 Rg3 53. Bf1 1/2-1/2

[Event "POL-chT 2nd League"]
[Site "Szczyrk"]
[Date "2014.09.14"]
[Round "9.63"]
[White "Winiarski, Mikolaj"]
[Black "Bugalski, Michal"]
[Result "1/2-1/2"]
[WhiteElo "2112"]
[BlackElo "2183"]
[PlyCount "98"]
[EventDate "2014.09.06"]
[EventType "team-swiss"]
[EventRounds "9"]
[EventCountry "POL"]
[SourceTitle "EXT 2015"]
[Source "ChessBase"]
[SourceDate "2014.11.20"]
[SourceVersion "1"]
[SourceVersionDate "2014.11.20"]
[SourceQuality "1"]
[WhiteTeam "Chylice KS Laura"]
[BlackTeam "Kolbudy UKS Zawisza"]
[WhiteTeamCountry "POL"]
[BlackTeamCountry "POL"]

1. d4 Nf6 2. Bg5 d5 3. e3 c6 4. Nd2 Nbd7 5. Ngf3 e6 6. Bd3 Be7 7. 0-0 h6 8. Bh4 0-0 9. c4 b6 10. Qc2 Bb7 11. e4 Nxe4 12. Bxe7 Qxe7 13. Nxe4 dxe4 14. Bxe4 Nf6 15. Bd3 c5 16. Be2 Rac8 17. dxc5 Qxc5 18. Qc3 Rfd8 19. b4 Qc7 20. Rfd1 Nd5 21. Qb3 Nf4 22. Bf1 e5 23. a4 Ne6 24. Qe3 e4 25. Nd4 Qe5 26. Nxe6 Qxe6 27. a5 Kh7 28. axb6 axb6 29. Rxd8 Rxd8 30. c5 bxc5 31. Qxc5 Rd2 32. b5 f5 33. Qa7 Qe5 34. Rb1 Rd7 35. Qa1 Qd5 36. Qc3 f4 37. Rc1 Qg5 38. Qc2 Rd8 39. Qb2 Kg8 40. Rc7 Qd5 41. Qb4 e3 42. fxe3 fxe3 43. Qc3 Rd7 44. Rxd7 Qxd7 45. Qxe3 Qd1 46. Qe2 Qd4+ 47. Qf2 Qd1 48. h3 Be4 49. Kh2 Qc1 1/2-1/2

[Event "POL-chT 2nd League"]
[Site "Szczyrk"]
[Date "2014.09.08"]
[Round "3.39"]
[White "Bugalski, Michal"]
[Black "Fudalej, Michal"]
[Result "0-1"]
[WhiteElo "2183"]
[BlackElo "2198"]
[PlyCount "96"]
[EventDate "2014.09.06"]
[EventType "team-swiss"]
[EventRounds "9"]
[EventCountry "POL"]
[SourceTitle "EXT 2015"]
[Source "ChessBase"]
[SourceDate "2014.11.20"]
[SourceVersion "1"]
[SourceVersionDate "2014.11.20"]
[SourceQuality "1"]
[WhiteTeam "Kolbudy UKS Zawisza"]
[BlackTeam "Mikolow AKS"]
[WhiteTeamCountry "POL"]
[BlackTeamCountry "POL"]

1. c4 g6 2. g3 Bg7 3. Bg2 e5 4. Nc3 d6 5. d3 f5 6. e4 Nf6 7. Nge2 0-0 8. 0-0 Nc6 9. f4 Nd4 10. Nxd4 exd4 11. Nd5 c6 12. Nxf6+ Qxf6 13. Bd2 Be6 14. Qc2 fxe4 15. Bxe4 Rae8 16. Rae1 Re7 17. c5 d5 18. Bg2 Rfe8 19. h3 h5 20. Ba5 Bf8 21. Qd1 Bf5 22. g4 hxg4 23. hxg4 Rxe1 24. Bxe1 Bd7 25. b4 Qe6 26. f5 Qe2 27. Qxe2 Rxe2 28. fxg6 Bxg4 29. Bf2 Bg7 30. Bg3 Bh5 31. Rf7 Bxg6 32. Rxb7 Bxd3 33. a4 Be4 34. Bf1 Rc2 35. Rxg7+ Kxg7 36. Be5+ Kf7 37. Bxd4 Ra2 38. a5 Rd2 39. Be5 Ke6 40. Bc3 Rc2 41. Bd4 Ra2 42. Ba6 Kd7 43. Be5 d4 44. Bxd4 Rg2+ 45. Kf1 Rd2 46. Be3 Bd3+ 47. Bxd3 Rxd3 48. Ke2 Rb3 0-1

[Event "POL-chT 2nd League"]
[Site "Szczyrk"]
[Date "2014.09.06"]
[Round "1.26"]
[White "Gumula, Daniel"]
[Black "Bugalski, Michal"]
[Result "0-1"]
[WhiteElo "2272"]
[BlackElo "2183"]
[PlyCount "86"]
[EventDate "2014.09.06"]
[EventType "team-swiss"]
[EventRounds "9"]
[EventCountry "POL"]
[SourceTitle "EXT 2015"]
[Source "ChessBase"]
[SourceDate "2014.11.20"]
[SourceVersion "1"]
[SourceVersionDate "2014.11.20"]
[SourceQuality "1"]
[WhiteTeam "Jaworzno JKSz MCKiS"]
[BlackTeam "Kolbudy UKS Zawisza"]
[WhiteTeamCountry "POL"]
[BlackTeamCountry "POL"]

1. c4 c6 2. Nf3 d5 3. e3 Nf6 4. b3 Bf5 5. Bb2 Nbd7 6. cxd5 cxd5 7. Be2 h6 8. 0-0 e6 9. Nd4 Bh7 10. f4 a6 11. f5 e5 12. Ne6 fxe6 13. Bh5+ Ke7 14. Ba3+ Nc5 15. Bxc5+ Kd7 16. fxe6+ Kxe6 17. Bxf8 Rxf8 18. Nc3 d4 19. exd4 Qxd4+ 20. Kh1 Rad8 21. Bf3 Qxd2 22. Qxd2 Rxd2 23. Bxb7 Bd3 24. Rfd1 Rxd1+ 25. Rxd1 e4 26. Na4 Nd7 27. Nb2 Nc5 28. Nxd3 Nxd3 29. Kg1 Ke5 30. Rf1 Rxf1+ 31. Kxf1 a5 32. a3 Nc5 33. Bc8 Nxb3 34. Ke2 Kd4 35. h4 Nc1+ 36. Kd2 Na2 37. Bd7 Nc3 38. a4 e3+ 39. Ke1 Nd5 40. Bc6 Ne7 41. Bd7 Nd5 42. Bc6 Nc3 43. Bd7 Ke4 0-1

[Event "POL-chT2"]
[Site "Poronin"]
[Date "2013.09.15"]
[Round "9"]
[White "Pazderski, Ziemowit"]
[Black "Bugalski, Michal"]
[Result "1-0"]
[WhiteElo "2244"]
[BlackElo "2186"]
[PlyCount "87"]
[EventDate "2013.09.06"]
[EventType "team-swiss"]
[EventRounds "9"]
[EventCountry "POL"]
[SourceTitle "EXT 2015"]
[Source "ChessBase"]
[SourceDate "2014.11.20"]
[SourceVersion "1"]
[SourceVersionDate "2014.11.20"]
[SourceQuality "1"]
[WhiteTeam "Zielonka Zieloni"]
[BlackTeam "Kolbudy UKS Zawisza"]
[WhiteTeamCountry "POL"]
[BlackTeamCountry "POL"]

1. c4 e5 2. Nc3 Nc6 3. Nf3 g6 4. d4 exd4 5. Nxd4 Bg7 6. Nc2 Nf6 7. g3 0-0 8. Bg2 d6 9. 0-0 Re8 10. Re1 a5 11. h3 Nd7 12. Rb1 Nc5 13. Be3 Bxc3 14. bxc3 Ne4 15. Bd4 Nxd4 16. Qxd4 c5 17. Qd3 Bf5 18. Rxb7 Rb8 19. Reb1 Rxb7 20. Rxb7 Nxf2 21. Qf3 Ne4 22. Ne3 Ng5 23. Qf4 Be4 24. Nd5 Bxd5 25. cxd5 Qc8 26. Ra7 Qb8 27. Rd7 Qb1+ 28. Qf1 Qxf1+ 29. Kxf1 f5 30. Rxd6 Re3 31. Ra6 Rxg3 32. d6 Kf7 33. Bd5+ Kf6 34. Ra7 Nxh3 35. e4 Rg1+ 36. Ke2 Nf4+ 37. Kf2 Nh3+ 38. Ke3 f4+ 39. Kd2 Rb1 40. Rf7+ Ke5 41. d7 Rb8 42. Rxh7 Nf2 43. Ke2 Ng4 44. Kf3 1-0

[Event "Lazy op 9th"]
[Site "Lazy"]
[Date "2013.07.04"]
[Round "5"]
[White "Urban, Klaudiusz"]
[Black "Bugalski, Michal"]
[Result "1-0"]
[WhiteElo "2462"]
[BlackElo "2161"]
[PlyCount "96"]
[EventDate "2013.06.30"]
[EventType "swiss"]
[EventRounds "9"]
[EventCountry "POL"]
[SourceTitle "CBM 155 Extra"]
[Source "ChessBase"]
[SourceDate "2013.08.26"]
[SourceVersion "1"]
[SourceVersionDate "2013.08.26"]
[SourceQuality "1"]

1. Nf3 Nf6 2. c4 b6 3. g3 Bb7 4. Bg2 e6 5. 0-0 Be7 6. d4 0-0 7. Re1 d6 8. d5 exd5 9. Nh4 Ne4 10. cxd5 f5 11. Nf3 c5 12. dxc6 Nxc6 13. Nbd2 Bf6 14. Nxe4 fxe4 15. Qd5+ Rf7 16. Qxe4 Qd7 17. Ng5 Bxg5 18. Bxg5 Re8 19. Qh4 Ne5 20. Bxb7 Qxb7 21. Rad1 h6 22. Be3 Qa6 23. Rxd6 Qxa2 24. Rd8 Rff8 25. Rxe8 Rxe8 26. Qd4 Qa5 27. Rd1 Qb5 28. Re1 h5 29. Bd2 Nc6 30. Qd7 Re7 31. Qc8+ Kh7 32. Bc3 Qd5 33. h4 b5 34. Qf8 b4 35. Bxb4 Rf7 36. Qc5 Qe4 37. Qxh5+ Kg8 38. Bc3 Nd4 39. Bxd4 Qxd4 40. e3 Qxb2 41. Qe2 Qc3 42. Rd1 Rf8 43. Qa2+ Kh8 44. Qxa7 Qc2 45. Rf1 Qe2 46. Qb7 Rf6 47. Qa8+ Kh7 48. Qe4+ Kh8 1-0

[Event "Lazy op 9th"]
[Site "Lazy"]
[Date "2013.07.01"]
[Round "2"]
[White "Stankiewicz, Pawel"]
[Black "Bugalski, Michal"]
[Result "0-1"]
[WhiteElo "2070"]
[BlackElo "2161"]
[PlyCount "84"]
[EventDate "2013.06.30"]
[EventType "swiss"]
[EventRounds "9"]
[EventCountry "POL"]
[SourceTitle "CBM 155 Extra"]
[Source "ChessBase"]
[SourceDate "2013.08.26"]
[SourceVersion "1"]
[SourceVersionDate "2013.08.26"]
[SourceQuality "1"]

1. f4 d5 2. Nf3 Nf6 3. b3 g6 4. Bb2 Bg7 5. e3 0-0 6. Be2 c5 7. 0-0 Nc6 8. Ne5 Qc7 9. Nxc6 Qxc6 10. Bf3 Bf5 11. g4 Be4 12. Bxe4 dxe4 13. Qe2 Rfd8 14. g5 Ne8 15. Bxg7 Nxg7 16. Na3 Nf5 17. Nc4 f6 18. a4 b6 19. Qg2 Qe6 20. Rad1 Rd5 21. Qg4 Rad8 22. Rde1 Nd4 23. Qxe6+ Nxe6 24. h4 Kf7 25. Re2 h6 26. gxf6 exf6 27. Rff2 Rh5 28. Rh2 Ng7 29. Reg2 Nf5 30. Rg4 Ne7 31. Nb2 Rhd5 32. Rgg2 h5 33. Nd1 R5d7 34. Nc3 f5 35. Nd1 a6 36. Nb2 b5 37. Kf1 Rc7 38. c3 bxa4 39. bxa4 c4 40. a5 Rd5 41. Ke2 Rxa5 42. Rh1 Ra2 0-1